Phase diagram of the ternary system urea-sodium thiocyanate-sodium nitrate

Podrobná bibliografia
Hlavní autori: Drátovský, Milan, 1927- (Autor), Schejbal, J. (Autor)
Médium: Článok
Jazyk:slovenčina
angličtina
Fyzický popis:Tb. 4. Obr. 4. Res. rus., lit. 16 zázn. v slov., češ., ruš., angl.
Predmet:

MARC

LEADER 00000nab a2200000 a 4500
001 vtls000256098
003 SK-MaSNL
005 20260304074401.0
008 250422c1986 xo 0 slo
015 |a SNBRB19rr/mm-uuuuu 
035 |a CL0266212 
035 |a urn:nbn:sk:snk-ab7ieu 
035 |a (urnnbn)urn:nbn:sk:snk:ar-005ub1 
035 |a (uuid)a1fa587b-c96a-49d9-a418-3532340d9d62 
040 |a SNKBUCL  |b slo  |c SNKBUCL  |e AACR2 
041 0 |a eng 
044 |a xo  |c SK 
080 |a 541.123.3  |2 1981 
080 |a 547.495.2  |2 1981 
080 |a 546.33  |2 1981 
080 |a 546.268.5  |2 1981 
100 1 |a Drátovský, Milan,  |d 1927-  |4 aut  |9 111745 
245 1 0 |a Phase diagram of the ternary system urea-sodium thiocyanate-sodium nitrate  |c M. Drátovský, J. Schejbal 
300 |b Tb. 4. Obr. 4. Res. rus., lit. 16 zázn. v slov., češ., ruš., angl. 
650 0 7 |a sústavy ternárne  |2 snkbucl  |9 1014703 
655 7 |a články z novín a časopisov  |2 snkbucl  |9 267496 
700 1 |a Schejbal, J.  |4 aut  |9 1363873 
773 0 |t Chemical papers. Chemické zvesti  |g Roč. 40, č. 2 (1986), s. 225-237 
850 |a Slovenská národná knižnica 
852 |a Slovenská národná knižnica 
954 |a odborná, vedecká literatúra cudzojazyčná (svetová)  |2 lita 
958 |a article7 
958 |a OND 
958 |a NB 
958 |a RK 
958 |a CZ 
958 |a EUIPO 
992 |a RBX 
999 |c 2775969  |d 2777899